Análisis de la turbulencia electoral en la elección presidencial del año 2014 en El Salvador /
Gespeichert in:
| 1. Verfasser: | |
|---|---|
| Format: | Text |
| Tags: |
Tag hinzufügen
Keine Tags, Fügen Sie den ersten Tag hinzu!
|
MARC
| LEADER | 00000 a a2200000 04500 | ||
|---|---|---|---|
| 001 | 48807 | ||
| 003 | |||
| 040 | |||
| 100 | |a Marroquín, Willian E. | ||
| 245 | |a Análisis de la turbulencia electoral en la elección presidencial del año 2014 en El Salvador / |c Willian E. Marroquín | ||
| 773 | |a volumen70, número740, (2015), páginas 61-85 : tablas, gráficos | ||
| 999 | |c 19720 |d 19720 | ||
